MARC

LEADER 00000nam0a2200000 4500
001 231297
005 20231101231054.0
035 |a (RuTPU)RU\TPU\book\252316 
090 |a 231297 
100 |a 20130131d1948 k y0rusy50 ca 
101 1 |a rus  |c eng 
102 |a RU 
105 |a a z 000zy 
200 1 |a Элементарная квантовая механика  |e пер. с англ. 
210 |a Москва  |c Гос. изд-во иностранной литературы  |d 1948 
215 |a 136 с.  |c ил. 
606 1 |a Квантовая механика  |2 stltpush  |3 (RuTPU)RU\TPU\subj\14211  |9 40667 
610 1 |a электроны 
610 1 |a дифракция 
610 1 |a волновое уравнение 
610 1 |a атом водорода 
610 1 |a эффект Зеемана 
610 1 |a спин 
610 1 |a теория возмущений 
610 1 |a периодическая система элементов 
610 1 |a валентность 
675 |a 530.145.6  |v 3 
700 1 |a Гайтлер  |b В. 
801 1 |a RU  |b 63413507  |c 20130131 
801 2 |a RU  |b 63413507  |c 20131029  |g RCR 
942 |c BK